[Event "AUT-chT 9495"]
[Site "Austria"]
[Date "1995.??.??"]
[Round "?"]
[White "Hoelzl, Franz"]
[Black "Teske, Henrik"]
[Result "1/2-1/2"]
[WhiteElo "2355"]
[BlackElo "2465"]
[PlyCount "60"]
[EventDate "1994.??.??"]
[Source "ChessBase"]

1. d4 e6 2. Nf3 b6 3. e4 Bb7 4. Bd3 c5 5. O-O cxd4 6. Nxd4 Nc6 7. Nxc6 Bxc6 8. Nd2 Qc7 9. Qe2 d6 10. Nf3 Nf6 11. Bg5 Be7 12. e5 Nd7 13. Bxe7 Kxe7 14. exd6+ Qxd6 15. Rad1 Qf4 16. Bb5 Rac8 17. Bxc6 Rxc6 18. Rxd7+ Kxd7 19. Ne5+ Kc7 20. g3 Qf6 21. Rd1 Rd8 22. Rxd8 Qxd8 23. Nxc6 Kxc6 24. Qc4+ Kd6 25. Qb4+ Kd7 26. Qa4+ Kc8 27. Qxa7 Qd1+ 28. Kg2 Qd5+ 29. f3 Qd2+ 30. Kh3 Qh6+ 1/2-1/2

[Event "Ceske Budejovice Open"]
[Site "Ceske Budejovice CZE"]
[Date "1995.??.??"]
[Round "3"]
[White "Priehoda, Vitezslav"]
[Black "Tratar, Marko"]
[Result "1/2-1/2"]
[WhiteElo "2400"]
[BlackElo "2420"]
[PlyCount "116"]
[EventDate "1995.??.??"]
[Source "www.chesslib.no"]
[SourceDate "2004.05.04"]

1. d4 e6 2. e4 b6 3. Bd3 Bb7 4. Nf3 c5 5. O-O cxd4 6. Nxd4 Nc6 7. Nxc6 Bxc6 8. Nc3 Nf6 9. Qe2 d6 10. Bf4 Be7 11. Rad1 Nd7 12. Bb5 Qc7 13. Qc4 Rc8 14. Ba6 Bb7 15. Qxc7 Rxc7 16. Bxb7 Rxb7 17. Bxd6 Bxd6 18. Rxd6 Ke7 19. Rd2 Ne5 20. b3 g5 21. a4 a6 22. f3 Rc8 23. Nd1 b5 24. axb5 axb5 25. Ne3 Ra7 26. Kf2 Ra2 27. Ke2 Rc3 28. Rc1 h5 29. Nd1 Rc8 30. Nf2 Rc3 31. Nd1 Rc8 32. Nf2 Rc3 33. Kd1 h4 34. Ke2 Ng6 35. Nd3 Nf4+ 36. Nxf4 gxf4 37. h3 Kf6 38. Kd1 Rc8 39. Rd7 Rg8 40. Rd2 Ke5 41. Ke1 f6 42. Kf1 Rc8 43. Rd7 Rcxc2 44. Rxc2 Rxc2 45. Rb7 Kd4 46. Rxb5 Ke3 47. Kg1 Rb2 48. Rh5 Rb1+ 49. Kh2 Rxb3 50. Rxh4 Rb8 51. Rg4 e5 52. h4 Kf2 53. Rg6 Rh8 54. Kh3 Rh7 55. Rg8 Rh6 56. Rg7 Kf1 57. Rg4 Kg1 58. Rg8 Kf2 1/2-1/2

[Event "JUG Ch"]
[Site "Kladovo"]
[Date "1991.??.??"]
[Round "10"]
[White "Kapetanovic, Armin"]
[Black "Karaklajic, Nikola"]
[Result "1-0"]
[WhiteElo "2440"]
[BlackElo "2375"]
[PlyCount "51"]
[EventDate "1991.02.??"]
[Source "www.chesslib.no"]
[SourceDate "2004.05.04"]

1. d4 d5 2. Nf3 Nf6 3. c4 c5 4. e3 cxd4 5. exd4 g6 6. cxd5 Bg7 7. Bb5+ Nbd7 8. d6 exd6 9. Qe2+ Qe7 10. Bf4 Qxe2+ 11. Bxe2 Ke7 12. Nc3 Nb6 13. O-O Be6 14. Rfe1 a6 15. Ng5 Nbd5 16. Bg3 Rac8 17. Nxd5+ Nxd5 18. Bg4 Nc7 19. d5 h6 20. dxe6 f5 21. Nf7 fxg4 22. Bxd6+ Kf6 23. Nxh8 Nxe6 24. Be5+ Kf5 25. Bxg7 Nxg7 26. Nf7 1-0

[Event "BL2-Sued 0304"]
[Site "Germany"]
[Date "2004.??.??"]
[Round "?.3"]
[White "Mann, Christian"]
[Black "Wippermann, Till"]
[Result "1/2-1/2"]
[WhiteElo "2440"]
[BlackElo "2370"]
[PlyCount "65"]
[EventDate "2003.10.??"]
[Source "Roberto Alvarez"]
[SourceDate "2004.07.26"]

1. e4 c5 2. c3 g6 3. Nf3 Bg7 4. d4 Qc7 5. Bc4 cxd4 6. Qe2 Nc6 7. O-O d3 8. Bxd3 Nf6 9. Re1 d6 10. Bf4 O-O 11. h3 Nd7 12. Na3 Nde5 13. Nxe5 Nxe5 14. Bc2 Be6 15. Bb3 Bxb3 16. axb3 a6 17. Nc2 Qb6 18. Nb4 Nc6 19. Be3 Qb5 20. Qxb5 axb5 21. Nd5 b4 22. cxb4 e6 23. b5 exd5 24. bxc6 bxc6 25. exd5 cxd5 26. Rad1 Rfb8 27. Rxd5 Rxb3 28. Rxd6 Rxb2 29. Rd7 Rab8 30. Bf4 Rb1 31. Rxb1 Rxb1+ 32. Kh2 h5 33. Rd8+ 1/2-1/2

[Event "EU-chT U18"]
[Site "Balatonlelle"]
[Date "2000.07.11"]
[Round "3"]
[White "Markos, Jan"]
[Black "Bokros, Albert"]
[Result "1-0"]
[WhiteElo "2327"]
[BlackElo "2479"]
[PlyCount "115"]
[EventDate "2000.07.09"]
[Source "ChessBase"]
[SourceDate "2000.09.14"]

1. d4 e6 2. e4 b6 3. Nf3 Bb7 4. Bd3 c5 5. O-O cxd4 6. Nxd4 d6 7. c4 Nf6 8. Nc3 Nbd7 9. Bc2 a6 10. b3 Be7 11. Bb2 O-O 12. Qe2 Qc7 13. Rad1 Rac8 14. f4 Rfe8 15. Kh1 Bf8 16. Nf3 Qb8 17. e5 Bxf3 18. Rxf3 dxe5 19. Ne4 exf4 20. Nxf6+ Nxf6 21. Be5 Qb7 22. Rxf4 Be7 23. Rd3 Red8 24. Rg3 Kf8 25. Rxg7 Kxg7 26. Rxf6 Bxf6 27. Qg4+ Kf8 28. Bxf6 Qc7 29. Bxh7 Ke8 30. Qg8+ Kd7 31. Qxf7+ Kd6 32. Qh5 Qc5 33. Qh4 Rd7 34. Bd4 Qa5 35. b4 Qxb4 36. Qf4+ Ke7 37. Bf6+ Kf8 38. Qh6+ Ke8 39. Bg6+ Rf7 40. Bxf7+ Kxf7 41. Qg7+ Ke8 42. Qg8+ Kd7 43. Qf7+ Kc6 44. Qxe6+ Kb7 45. Qd5+ Rc6 46. h4 Qb1+ 47. Kh2 Qxa2 48. h5 Qf2 49. Bg5 Qe2 50. h6 Qh5+ 51. Kg1 a5 52. Bf4 Qe8 53. Be5 Qe7 54. Qe4 Qc5+ 55. Bd4 Qxc4 56. h7 Qc1+ 57. Kf2 Qd2+ 58. Kf3 1-0

[Event "SUI-chT"]
[Site "SUI"]
[Date "1996.??.??"]
[Round "8"]
[White "Ekstroem, Roland"]
[Black "Klauser, Markus"]
[Result "1-0"]
[WhiteElo "2430"]
[BlackElo "2375"]
[PlyCount "135"]
[EventDate "1996.??.??"]
[Source "ChessBase"]

1. e4 g6 2. d4 Bg7 3. Nf3 c6 4. c4 d5 5. cxd5 cxd5 6. exd5 Nf6 7. Bb5+ Bd7 8. Bc4 b5 9. Bb3 O-O 10. O-O Bf5 11. Nc3 b4 12. Na4 Be4 13. Bd2 a5 14. Bg5 Bxd5 15. Rc1 Nbd7 16. Ne5 Bxb3 17. axb3 Nxe5 18. dxe5 Ne4 19. Qxd8 Rfxd8 20. Bxe7 Re8 21. Bd6 Bxe5 22. Bxe5 Rxe5 23. Rfd1 Rae8 24. Kf1 Kg7 25. Rc2 h5 26. Nb6 h4 27. Nc4 Rf5 28. Re2 Re6 29. Ra1 Nc5 30. Rxa5 Nxb3 31. Rxe6 fxe6 32. Ra7+ Kf6 33. Ne3 Rc5 34. Ke2 Nd4+ 35. Kd3 Nc6 36. Rh7 g5 37. Kd2 Ne5 38. Rb7 Nc4+ 39. Nxc4 Rxc4 40. b3 Rg4 41. g3 Rd4+ 42. Ke3 hxg3 43. hxg3 e5 44. f3 Kf5 45. Rb8 Kf6 46. Rb6+ Kf7 47. Rc6 g4 48. f4 Rd1 49. Rc4 Rf1 50. Rxb4 Rf3+ 51. Ke4 Rxg3 52. Rb7+ Ke6 53. f5+ Kf6 54. Rb6+ Kg5 55. b4 Rb3 56. b5 g3 57. Rg6+ Kh4 58. f6 Rb4+ 59. Kf5 Kh3 60. Rh6+ Kg2 61. f7 Rf4+ 62. Ke6 e4 63. Rf6 Rxf6+ 64. Kxf6 e3 65. f8=Q e2 66. Qb4 Kf2 67. Qf4+ Kg2 68. Qe3 1-0

[Event "Polanica Zdroj Open"]
[Site "Polanica Zdroj POL"]
[Date "1991.??.??"]
[Round "?"]
[White "Maciejewski, Andrzej"]
[Black "Mazul, Waldemar"]
[Result "1-0"]
[WhiteElo "2435"]
[BlackElo "2370"]
[PlyCount "94"]
[EventDate "1991.??.??"]
[Source "www.chesslib.no"]
[SourceDate "2004.05.04"]

1. e4 c5 2. c3 g6 3. Nf3 Bg7 4. Bc4 Qc7 5. O-O d6 6. d4 Nh6 7. Na3 O-O 8. Nb5 Qc6 9. a4 a6 10. Bd5 Qd7 11. Na3 Ng4 12. dxc5 dxc5 13. Bf4 Qe8 14. Qb3 Nc6 15. Qb6 Nce5 16. Nxe5 Nxe5 17. Bxe5 Bxe5 18. Nc4 Bf4 19. e5 Bf5 20. Qxc5 Bd3 21. Rfe1 Rc8 22. Qd4 Bxc4 23. Bxc4 Bh6 24. Bd5 Rc7 25. e6 f5 26. Rad1 Qc8 27. c4 Rd8 28. b4 Bg7 29. Qe3 Bf6 30. h3 Kg7 31. a5 Rd6 32. c5 Rd8 33. Bb3 Rf8 34. Ba4 h6 35. Rd3 Rd8 36. Red1 Rxd3 37. Rxd3 Qb8 38. Bd7 Bg5 39. Qe5+ Bf6 40. Qg3 h5 41. h4 Kh7 42. Be8 Qxe8 43. Qxc7 Qa4 44. Qxb7 Bxh4 45. g3 Bf6 46. Kg2 h4 47. gxh4 Qc2 1-0

[Event "II Open internazionale"]
[Site "Lugano SVI"]
[Date "2008.03.13"]
[Round "2.4"]
[White "Godena, Michele"]
[Black "Habibi, Ali"]
[Result "1-0"]
[WhiteElo "2559"]
[BlackElo "2244"]
[PlyCount "123"]
[EventDate "2008.03.13"]
[Source "www.chesslib.no"]
[SourceDate "2004.05.04"]

1. e4 c5 2. c3 g6 3. Nf3 Bg7 4. Bc4 d6 5. d4 cxd4 6. cxd4 Nf6 7. Nc3 O-O 8. Bb3 Nc6 9. h3 b6 10. O-O Na5 11. Bc2 Bb7 12. Qe2 d5 13. e5 Ne8 14. Ng5 Qc8 15. Bd3 Nc7 16. Be3 e6 17. Rac1 Qd8 18. Nf3 Rc8 19. Bg5 Qd7 20. b3 h6 21. Be3 Rfd8 22. Qd2 Kh7 23. Ne2 Nc6 24. Nf4 Ba6 25. Bxa6 Nxa6 26. Nh5 gxh5 27. Qd3+ Kg8 28. Qxa6 Ne7 29. Bd2 Nf5 30. g3 Bf8 31. Kg2 b5 32. Qa5 Qb7 33. Bb4 Qb6 34. g4 hxg4 35. hxg4 Ne7 36. Qxb6 axb6 37. Rh1 Rxc1 38. Rxc1 Rc8 39. Rxc8 Nxc8 40. Bd2 b4 41. Ne1 Na7 42. Nc2 Nc6 43. f4 Kg7 44. f5 f6 45. fxe6 fxe5 46. dxe5 Bc5 47. Kg3 Nxe5 48. Nxb4 Bxb4 49. Bxb4 Nc6 50. Bd2 Kf6 51. Bxh6 Kxe6 52. Bd2 Ne5 53. Kf4 Nd3+ 54. Ke3 Ne5 55. g5 Kf5 56. a4 Ke6 57. Bc3 Nc6 58. Bd4 Kf5 59. Bxb6 Kxg5 60. a5 d4+ 61. Ke4 d3 62. Kxd3 1-0

[Event "Bethune op"]
[Site "Bethune"]
[Date "1999.??.??"]
[Round "?"]
[White "Mancini, Mario"]
[Black "Okhotnik, Vladimir"]
[Result "0-1"]
[WhiteElo "2342"]
[BlackElo "2456"]
[PlyCount "162"]
[EventDate "1999.12.26"]
[Source "www.chesslib.no"]
[SourceDate "2004.05.04"]

1. d4 g6 2. e4 Bg7 3. Nf3 c6 4. c4 d5 5. cxd5 cxd5 6. e5 Nc6 7. Nc3 Nh6 8. Bb5 O-O 9. O-O Bg4 10. Bxc6 bxc6 11. h3 Bxf3 12. Qxf3 Nf5 13. Rd1 f6 14. exf6 Bxf6 15. Qg4 Qb6 16. Ne2 e5 17. dxe5 Bxe5 18. Rb1 Rae8 19. Rf1 Bd6 20. Nc3 Ng3 21. Bh6 Nxf1 22. Bxf8 Nd2 23. Bxd6 Nxb1 24. Nxb1 Qxb2 25. Qd1 Qe2 26. Qb3 Qe1+ 27. Kh2 Qxf2 28. Nc3 Qe3 29. Bg3 Rf8 30. Qb4 Rf1 31. Qb8+ Rf8 32. Qd6 Qe8 33. Nd1 Rf7 34. Nf2 Qd7 35. Qc5 h5 36. Nd3 Rf6 37. h4 d4 38. Nf4 Qd6 39. Qc4+ Rf7 40. Qd3 Rxf4 41. Kg1 Kh7 42. Qd2 Rf1+ 43. Kxf1 Qxg3 44. Qxd4 Qc7 45. Qc5 Qb7 46. a4 Kg8 47. Qd4 Qc7 48. Ke2 Kf7 49. Kd3 a5 50. Kc4 Qe7 51. Qf4+ Kg8 52. Qd4 Qf7+ 53. Kd3 Qb3+ 54. Ke4 Qe6+ 55. Kd3 Qf5+ 56. Kc3 Kf7 57. Qc4+ Qd5 58. Qf4+ Ke6 59. Qf8 Qe5+ 60. Kc4 Qe4+ 61. Kb3 Qd3+ 62. Kb2 Qd2+ 63. Kb3 Qd1+ 64. Kc3 Qe1+ 65. Kb3 Qg3+ 66. Kb2 Qxg2+ 67. Kb3 Qg3+ 68. Kb2 Qe5+ 69. Kb3 Qe3+ 70. Kc2 Qe4+ 71. Kb3 Qb1+ 72. Kc3 Qa1+ 73. Kb3 Qd1+ 74. Kc3 Qxa4 75. Qe8+ Kf5 76. Qf7+ Kg4 77. Qxg6+ Kxh4 78. Qf6+ Kg3 79. Qg5+ Qg4 80. Qxa5 h4 81. Qe5+ Kg2 0-1

[Event "Cupa Dinamo"]
[Site "Brasov"]
[Date "1998.??.??"]
[Round "4"]
[White "Zlatic, Mihajlo"]
[Black "Ardeleanu, Alin"]
[Result "1/2-1/2"]
[WhiteElo "2375"]
[BlackElo "2420"]
[PlyCount "23"]
[EventDate "1998.03.??"]
[Source "ChessBase"]
[SourceDate "1998.04.29"]

1. e4 g6 2. d4 Bg7 3. Nf3 c5 4. dxc5 Qa5+ 5. Nc3 Bxc3+ 6. bxc3 Qxc3+ 7. Bd2 Qxc5 8. Rb1 a6 9. Bd3 Nc6 10. O-O d5 11. exd5 Qxd5 12. Re1 1/2-1/2

[Event "Komotini Open"]
[Site "Komotini"]
[Date "1992.??.??"]
[Round "?"]
[White "Delithanasis, Dimitrios"]
[Black "Kengis, Edvins"]
[Result "1-0"]
[WhiteElo "2215"]
[BlackElo "2575"]
[PlyCount "95"]
[EventDate "1992.08.??"]
[Source "www.chesslib.no"]
[SourceDate "2004.05.04"]

1. d4 e6 2. e4 b6 3. Bd3 Bb7 4. Nf3 c5 5. O-O cxd4 6. Nxd4 Nc6 7. Nxc6 Bxc6 8. Nc3 Ne7 9. Qh5 Ng6 10. Re1 Bc5 11. Be3 Qh4 12. Qxh4 Nxh4 13. Bb5 Bb4 14. Bxc6 dxc6 15. Red1 Ng6 16. Ne2 Rd8 17. Nd4 Rc8 18. f4 Bc5 19. c3 a5 20. Rab1 O-O 21. b4 axb4 22. cxb4 Bxd4 23. Rxd4 e5 24. Rd6 Nxf4 25. Bxb6 Ne2+ 26. Kf1 Nc3 27. Rc1 Nxe4 28. Rdxc6 Ra8 29. R1c2 Rfb8 30. a4 h5 31. a5 Kh7 32. b5 Nf6 33. Rd6 Ne4 34. Rd5 Nf6 35. Rd1 e4 36. Rc5 Ng4 37. Ke2 Rf8 38. Rxh5+ Kg6 39. Rc5 f5 40. h3 Nf6 41. Bc7 f4 42. b6 f3+ 43. Ke3 fxg2 44. Rg1 Nd7 45. Rxg2+ Kf7 46. Rf2+ Ke7 47. Rxf8 Rxf8 48. Rc6 1-0

[Event "Genova op 8th"]
[Site "Genova"]
[Date "2000.07.17"]
[Round "3"]
[White "Di Paolo, Raffaele"]
[Black "Chatalbashev, Boris"]
[Result "0-1"]
[WhiteElo "2295"]
[BlackElo "2494"]
[PlyCount "62"]
[EventDate "2000.07.15"]
[Source "www.chesslib.no"]
[SourceDate "2004.05.04"]

1. e4 g6 2. d4 Bg7 3. Nf3 c5 4. c3 cxd4 5. cxd4 d5 6. exd5 Nf6 7. Bc4 O-O 8. Nc3 Nbd7 9. O-O Nb6 10. Bb3 Nbxd5 11. Ne5 Be6 12. Qf3 Rc8 13. Re1 Qd6 14. Bg5 Rfd8 15. Rad1 b6 16. h4 Nxc3 17. Bxe6 Qxe6 18. bxc3 Qd5 19. c4 Qxf3 20. Nxf3 h6 21. Bd2 Rxc4 22. Rxe7 Ra4 23. Ra1 Nd5 24. Rb7 a6 25. Kf1 Bxd4 26. Nxd4 Rxd4 27. Bxh6 Rxh4 28. Bc1 Nf4 29. f3 Rh1+ 30. Kf2 Nd3+ 31. Kg3 Nxc1 0-1